| 000 | 004770000a22001810004500 | ||
|---|---|---|---|
| 003 | MACL | ||
| 005 | 20160128130902.0 | ||
| 008 | 160128b xxu||||| |||| 00| 0 eng d | ||
| 040 |
_aMACL _cMACL |
||
| 041 | _aEnglish | ||
| 082 | _a920.71/THE | ||
| 100 |
_aTheroux, Paul _934856 |
||
| 245 |
_aSir Vidia's Shadow _bA Friendship across five continents |
||
| 260 |
_bHamish Hamilton _c1998 _aLondon |
||
| 350 | _a1430 | ||
| 650 |
_aBiography _934857 |
||
| 942 |
_cBK _k920.71/THE _2ddc |
||
| 999 |
_c32070 _d32070 |
||